Erziehung und Veränderung: Entwurf einer handlungsbezogenen Sozialisationstheorie
| Authors: | ; |
|---|---|
| Format: | Print Book |
| Language: | German |
| Published: |
Neuwied [u.a.]
Luchterhand
1975
|
| In: | Year: 1975 |
| Online Access: |
Table of Contents Table of Contents |
| Availability in Tübingen: | Present in Tübingen. IFK: N XIII 116 |
| Check availability: | HBZ Gateway |
| Subito Delivery Service: | Order now. |
| Keywords: |
MARC
| LEADER | 00000cam a2200000 c 4500 | ||
|---|---|---|---|
| 001 | 021670161 | ||
| 003 | DE-627 | ||
| 005 | 20260206202544.0 | ||
| 007 | tu | ||
| 008 | 871214s1975 gw ||||| 00| ||ger c | ||
| 015 | |a 76,A12,0196 |2 dnb | ||
| 016 | 7 | |a 760077770 |2 DE-101 | |
| 020 | |a 3472580240 |9 3-472-58024-0 | ||
| 035 | |a (DE-627)021670161 | ||
| 035 | |a (DE-603)046211934 | ||
| 035 | |a (DE-576)005458765 | ||
| 035 | |a (DE-599)GBV021670161 | ||
| 035 | |a (OCoLC)3271906 | ||
| 035 | |a (OCoLC)238972400 | ||
| 035 | |a (AT-OBV)AC03495799 | ||
| 035 | |a (DE-604)8031989403 | ||
| 040 | |a DE-627 |b ger |c DE-627 |e rakwb | ||
| 041 | |a ger | ||
| 044 | |c XA-DE | ||
| 082 | 0 | |a 370.1 |q OCLC | |
| 084 | |a S 145 |2 sfb | ||
| 084 | |a 05b |a 10a |2 sdnb | ||
| 084 | |a DG 8500 |2 rvk |0 (DE-625)rvk/19562: | ||
| 084 | |a MR 6700 |2 rvk |0 (DE-625)rvk/123535: | ||
| 084 | |a DF 9000 |2 rvk |0 (DE-625)rvk/19551:761 | ||
| 084 | |a DS 4000 |2 rvk |0 (DE-625)rvk/19938: | ||
| 084 | |a 71.44 |2 bkl | ||
| 084 | |a 79.00 |2 bkl | ||
| 100 | 1 | |a Meinhold, Marianne |d 1941-2021 |0 (DE-588)120320495 |0 (DE-627)080602193 |0 (DE-576)162190174 |4 aut | |
| 109 | |a Meinhold, Marianne 1941-2021 |a Meinhold-Kunsemüller, ... 1941-2021 |a Meinhold-Hollstein, ... 1941-2021 | ||
| 245 | 1 | 0 | |a Erziehung und Veränderung |b Entwurf einer handlungsbezogenen Sozialisationstheorie |c Marianne Meinhold; Walter Hollstein |
| 264 | 1 | |a Neuwied [u.a.] |b Luchterhand |c 1975 | |
| 300 | |a IX, 333 S. |b graph. Darst. |c 21 cm | ||
| 336 | |a Text |b txt |2 rdacontent | ||
| 337 | |a ohne Hilfsmittel zu benutzen |b n |2 rdamedia | ||
| 338 | |a Band |b nc |2 rdacarrier | ||
| 490 | 0 | |a Kritische Texte: Sozialarbeit, Sozialpädagogik, soziale Probleme | |
| 500 | |a Literaturverz. S. 311 - 329 | ||
| 650 | 0 | |a Socialization |2 DE-289 | |
| 650 | 0 | 7 | |0 (DE-588)4055864-2 |0 (DE-627)104522909 |0 (DE-576)209115696 |a Sozialpädagogik |2 gnd |
| 650 | 0 | 7 | |0 (DE-588)4055783-2 |0 (DE-627)104675101 |0 (DE-576)209115386 |a Sozialisation |2 gnd |
| 650 | 0 | 7 | |0 (DE-588)4059787-8 |0 (DE-627)106142275 |0 (DE-576)209132256 |a Theorie |2 gnd |
| 650 | 4 | |a Sozialisation | |
| 650 | 4 | |a Gesellschaftsordnung | |
| 650 | 4 | |a Kapitalismus | |
| 650 | 4 | |a Gesellschaft | |
| 650 | 4 | |a Individuelle Entwicklung | |
| 650 | 4 | |a Lernen | |
| 689 | 0 | 0 | |d s |0 (DE-588)4055783-2 |0 (DE-627)104675101 |0 (DE-576)209115386 |a Sozialisation |2 gnd |
| 689 | 0 | 1 | |d s |0 (DE-588)4055864-2 |0 (DE-627)104522909 |0 (DE-576)209115696 |a Sozialpädagogik |2 gnd |
| 689 | 0 | |5 DE-101 | |
| 689 | 1 | 0 | |d s |0 (DE-588)4055783-2 |0 (DE-627)104675101 |0 (DE-576)209115386 |a Sozialisation |2 gnd |
| 689 | 1 | 1 | |d s |0 (DE-588)4059787-8 |0 (DE-627)106142275 |0 (DE-576)209132256 |a Theorie |2 gnd |
| 689 | 1 | |5 (DE-627) | |
| 700 | 1 | |a Hollstein, Walter |d 1939- |0 (DE-588)129010405 |0 (DE-627)387604979 |0 (DE-576)16147120X |4 aut | |
| 856 | 4 | 2 | |u https://digitale-objekte.hbz-nrw.de/storage/2008/11/01/file_20/2639184.pdf |m V:DE-605 |m X:migimw |q application/pdf |v 2025-07-00 |3 Inhaltsverzeichnis |7 1 |
| 856 | 4 | 2 | |u http://scans.hebis.de/HEBCGI/show.pl?04621193_toc.pdf |m V:DE-605 |q application/pdf |3 Inhaltsverzeichnis |7 1 |
| 889 | |w (DE-576)441226361 | ||
| 889 | |w (DE-627)42403025X | ||
| 935 | |i Blocktest | ||
| 935 | |h HEB |i 0501 | ||
| 935 | |h HEB |i 0503 | ||
| 936 | r | v | |a DG 8500 |b Sozialpädagogik (Sozialarbeit, Sozialhilfe), Sozialerziehung (Gruppenpädagogik, Jugendarbeit) |k Pädagogik |k Spezialfragen der Erziehung |k Sozialpädagogik (Sozialarbeit, Sozialhilfe), Sozialerziehung (Gruppenpädagogik, Jugendarbeit) |0 (DE-627)1270769510 |0 (DE-625)rvk/19562: |0 (DE-576)200769510 |
| 936 | r | v | |a MR 6700 |b Theorien der Sozialisierung, Sozialisation |k Soziologie |k Sozialwissenschaftliche Theorien und Methoden |k Psychologische Ansätze |k Theorien der Sozialisierung, Sozialisation |0 (DE-627)1270710737 |0 (DE-625)rvk/123535: |0 (DE-576)200710737 |
| 936 | r | v | |a DF 9000 |b Allgemeines und Deutschland |k Pädagogik |k Systematische Pädagogik |k Sozialisation, Soziales Lernen |k Allgemeines und Deutschland |0 (DE-627)1270721844 |0 (DE-625)rvk/19551:761 |0 (DE-576)200721844 |
| 936 | r | v | |a DS 4000 |b Allgemeines |k Pädagogik |k Sozialpädagogik, Sozialarbeit |k Theorie |k Allgemeines |0 (DE-627)1544333080 |0 (DE-625)rvk/19938: |0 (DE-576)474333086 |
| 936 | r | u | |a DS 4000 |b Theorie |k Pädagogik |k Sozialpädagogik, Sozialarbeit |k Theorie |0 (DE-627)1270784285 |0 (DE-576)200784285 |z Ungueltig |
| 936 | b | k | |a 71.44 |j Gruppenprozesse |x Soziologie |0 (DE-627)106412590 |
| 936 | b | k | |a 79.00 |j Sozialpädagogik |j Sozialarbeit: Allgemeines |0 (DE-627)106421271 |
| 936 | s | n | |a d100 |2 mzub |
| 936 | s | n | |a m200 |2 mzub |
| 951 | |a BO | ||
| ELC | |b 1 | ||
| LOK | |0 000 xxxxxcx a22 zn 4500 | ||
| LOK | |0 001 3106577797 | ||
| LOK | |0 003 DE-627 | ||
| LOK | |0 004 021670161 | ||
| LOK | |0 005 20020607000000 | ||
| LOK | |0 008 930222||||||||||||||||ger||||||| | ||
| LOK | |0 040 |a DE-21-110 |c DE-627 |d DE-21-110 | ||
| LOK | |0 852 |a DE-21-110 | ||
| LOK | |0 852 1 |c N XIII 116 |m p |9 00 | ||
| LOK | |0 935 |a k110 | ||
| LOK | |0 936ln |a 8.7.8 | ||
| LOK | |0 938 |k p | ||
| LOK | |0 939 |a 22-02-93 |b l01 | ||
| ORI | |a SA-MARC-krimdoka001.raw | ||
| SIG | |a IFK: N XIII 116 | ||
